Statistics for CHP leaders list.

Click here to take the quiz!

General Stats

  • This quiz has been taken 18 times
    (11 since last reset)
  • The average score is 8 of 10

Answer Stats

TimelineAnswer% Correct
1938 - 1972İsmet İnönü
100%
2010 - 2023Kemal Kılıçdaroğlu
100%
1923 - 1938Mustafa Kemal Atatürk
100%
1972 - 1980Bülent Ecevit
91%
2023 -Özgür Özel
91%
1992 - 1995Deniz Baykal
82%
1995 - 1999Deniz Baykal
82%
2000 - 2010Deniz Baykal
82%
1999 - 2000Altan Öymen
27%
1995 - 1995Hikmet Çetin
27%

Score Distribution

Percentile by Number Answered

Percent of People with Each Score

Your Score History

You have not taken this quiz since the last reset